Software para construcción, comprar o desarrollar.
Salvato in:
| Autore principale: | |
|---|---|
| Natura: | Sconosciuto |
| Lingua: | Spanish |
| Pubblicazione: |
[San José, Costa Rica]
1987
|
| Soggetti: | |
| Tags: |
Aggiungi Tag
Nessun Tag, puoi essere il primo ad aggiungerne!!
|
MARC
| LEADER | 00000 a2200000 4500 | ||
|---|---|---|---|
| 003 | 004169 | ||
| 005 | 20221231143756.0 | ||
| 008 | 140114s1987 c a m 000 ||spa d | ||
| 040 | |c cru CEDI | ||
| 090 | |a TFG 1875 | ||
| 100 | |a García Brenes, Alejandro |9 14059 | ||
| 245 | |a Software para construcción, comprar o desarrollar. | ||
| 260 | |c 1987 |a [San José, Costa Rica] | ||
| 300 | |a [207] hojas (algunas plegables) : ilustraciones ; 28 cm | ||
| 500 | |a Tesis (licenciatura en ingeniería civil)--Universidad de Costa Rica. Facultad de Ingeniería. Escuela de Ingeniería Civil | ||
| 650 | |x CONSTRUCCION - PROGRAMAS PARA COMPUTADORA |9 16805 | ||
| 942 | |c TFG | ||
| 999 | |c 11749 |d 11749 | ||
